MLB 2023 All Stars - Statistics

General Stats
  • This quiz has been taken 98 times
  • The average score is 46 of 77
Answer Stats
Hint Answer % Correct
Blue Jays-SS Bo Bichette
82%
Blue Jays-1B Vladimir Guerrero Jr
82%
Yankees-OF Aaron Judge
79%
Dodgers-OF Mookie Betts
78%
Angels-DH-RHP Shohei Ohtani
78%
Guardians-3B Jose Ramirez
77%
Braves-OF Ronald Acuna Jr
77%
Rays-SS Wander Franco
77%
Dodgers-1B Freddie Freeman
75%
Braves-1B Matt Olson
75%
Rays-OF Randy arozarena
75%
Rays-1B Yandy diaz
75%
Orioles-C Adley Rutschman
74%
Braves-3B Austin Riley
74%
Yankees-RHP Gerrit Cole
74%
Mariners-OF Julio Rodriguez
74%
Reds-RHP Alexis Diaz
73%
Rangers-SS Corey Seager
73%
Rockies-C Elias Diaz
73%
Rangers-2B Marcus Semien
73%
Braves-2B Ozzie Albies
73%
Mets-1B Pete Alonso
73%
Dodgers-C Will smith
73%
White Sox-OF Luis Robert
71%
Royals-C Salvador Perez
71%
Brewers-RHP Corbin Burnes
70%
Angels-OF Mike trout
70%
Braves-C Sean Murphy
70%
Rangers-OF Adolis Garcia
69%
Orioles-RHP Felix Bautista
69%
Rangers-C Jonah Heim
66%
Braves-RHP Spencer Strider
66%
Cubs-SS Dansby Swanson
65%
Astros-OF Kyle Tucker
65%
Cardinals-3B Nolan Arenado
65%
Astros-OF Yordon Alvarez
65%
Dodgers-LHP Clayton Kershaw
64%
Rangers-3B Josh Jung
64%
Padres-OF Juan Soto
62%
Blue Jays-RHP Kevin Gausman
62%
Braves-SS Orlando Arcia
62%
Orioles-OF Austin Hays
61%
Guardians-RHP Emmanuel Clase
57%
Rays-LHP Shane McClanahan
57%
Diamondbacks-OF Corbin Carroll
56%
Padres-LHP Josh hader
56%
Twins-RHP Sonny Gray
56%
Mariners-RHP Luis Castillo
55%
Brewers-RHP Devin Williams
53%
Dodgers-DH JD Martinez
53%
Nationals-RHP Josiah Gray
53%
Phillies-OF Nick Castellanos
53%
Twins-RHP Pablo Lopez
53%
Diamondbacks-RHP Zac Gallen
52%
Athletics-OF Brent Rooker
51%
Rangers-RHP Nathan Eovaldi
51%
Cubs-RHP Marcus Stroman
49%
Orioles-RHP Yennier Cano
49%
Astros-RHP Framber Valdez
48%
Marlins-DH Jorge Soler
48%
Marlins-2B Luis Arraez
48%
Diamondbacks-SS Geraldo Perdomo
47%
Cubs-RHP Justin Steele
47%
Pirates-RHP David Bednar
45%
Diamondbacks-OF Lourdes Guerriel Jr
45%
Red Sox-RHP Kenley Jansen
44%
Phillies-RHP Craig Kimbrel
43%
Mariners-RHP George Kirby
43%
Giants-RHP Camilio Doval
42%
Blue Jays-2B Whit Merrifield
42%
Pirates-RHP Mitch Keller
39%
Mets-RHP Kodai Senga
38%
Blue Jays-RHP Jordan Romano
34%
Tigers-RHP Michael Lorenzen
34%
Braves-RHP Bryce Elder
31%
Giants-RHP Alex Cobb
27%
Angels-RHP Carlos Estevez
22%
No matching quizzes found
Score Distribution
Percent of People with Each Score
Percentile by Number Answered
Your Score History
You have not taken this quiz